| 000 | 00834pam a2200265 a 4500 | ||
|---|---|---|---|
| 001 | 2816 | ||
| 005 | 20240116100347.0 | ||
| 020 |
_a038507283X : _c$12.95 |
||
| 040 |
_aDLC _cDLC _dDLC _beng |
||
| 050 | 0 | 0 |
_aPZ7.D35 _bDo 1989 |
| 082 | 0 | 0 |
_a808 _219 |
| 100 | 1 |
_aDe Angeli, Marguerite _d1889- |
|
| 245 | 1 | 4 |
_aThe door in the wall / _cby Marguerite de Angeli |
| 250 | _aAugust 1990 | ||
| 260 |
_aNew York : _bDell Publishing, _c1949 |
||
| 300 |
_a120 pages : _billustrations ; _c20cm |
||
| 505 | _aZ | ||
| 520 | _aA crippled boy in fourteenth-century England proves his courage and earns recognition from the King. | ||
| 521 |
_a920 _bLexile |
||
| 521 |
_aZ _bRaz-Plus |
||
| 650 | 1 |
_aMiddle Ages _xFiction. |
|
| 650 | 1 |
_aPeople with disabilities _vFiction. |
|
| 906 |
_a7 _bcbc _corignew _d1 _eocip _f19 _gy-gencatlg |
||
| 942 |
_2ddc _cBK _n0 |
||
| 999 |
_c2816 _d2816 |
||